000 00512nam a2200169 i 4500
001 31974
003 ES-MaACL
005 20230906154502.0
007 t|
008 030130s1966 sp ||||1| spa d
100 1 _aBernardino de Armellada.
_928285
245 1 3 _aEl dogma
_b: adaptado al tercer curso del grado de aprendizaje industrial /
_cBernardino de Armellada.
250 _a6ª ed.
260 _aLeón :
_bEverest,
_c[1966]
300 _a128 p. :
_bil. ;
_c21 cm.
852 _aES-MaACL
_jC-49821
_bR.67493
999 _c31974
_d31974